[Event "Apsap IM"]
[Site "Paris"]
[Date "1994.??.??"]
[Round "4"]
[White "Kalantarian, Norik"]
[Black "Okhotnik, Vladimir"]
[Result "1-0"]
[WhiteElo "2365"]
[BlackElo "2400"]

1.d4 Nf6 2.c4 g6 3.Nc3 d5 4.cxd5 Nxd5 5.e4 Nxc3 6.bxc3 Bg7 7.Nf3 c5 8.Rb1 O-O
9.Be2 cxd4 10.cxd4 Qa5+ 11.Bd2 Qxa2 12.O-O Qe6 13.Qc2 Qc6 14.Qd3 Bg4 15.d5 Qd7
16.Bb4 Bxf3 17.gxf3 Be5 18.Qe3 Na6 19.Bd2 Bc7 20.Rxb7 Bxh2+ 21.Kxh2 Qxb7
22.Kg2 f6 23.Qa3 Nb8 24.Rc1 a5 25.Bc4 Qd7 26.d6+ e6 27.f4 Nc6 28.Bb5 Rfc8
29.Qc5  1-0

[Event "Paris op"]
[Site "Paris"]
[Date "1994.??.??"]
[Round "5"]
[White "Solozhenkin, Evgeniy"]
[Black "Vareille, Francois"]
[Result "1-0"]
[WhiteElo "2525"]
[BlackElo "2365"]

1.d4 Nf6 2.c4 g6 3.Nc3 d5 4.cxd5 Nxd5 5.e4 Nxc3 6.bxc3 Bg7 7.Nf3 c5 8.Rb1 O-O
9.Be2 cxd4 10.cxd4 Qa5+ 11.Bd2 Qxa2 12.O-O a5 13.Bg5 a4 14.Bxe7 Re8 15.Bd6 Rxe4
16.Qc1 Be6 17.Bd3 Rxd4 18.Nxd4 Bxd4 19.Rxb7 Nd7 20.Qf4 Bg7 21.Rxd7 Bxd7 22.Bc4 Qc2
23.Bd5 Bc6 24.Qxf7+ Kh8 25.Qc7 a3 26.Bxc6  1-0

[Event "Passau op"]
[Site "Passau"]
[Date "1994.??.??"]
[Round "?"]
[White "Ftacnik, Lubomir"]
[Black "Banas, Jan"]
[Result "1-0"]
[WhiteElo "2565"]
[BlackElo "2390"]

1.d4 Nf6 2.c4 g6 3.Nc3 d5 4.cxd5 Nxd5 5.e4 Nxc3 6.bxc3 Bg7 7.Nf3 c5 8.Rb1 O-O
9.Be2 b6 10.O-O Bb7 11.Qd3 Ba6 12.Qe3 e6 13.Bxa6 Nxa6 14.Rd1 Qd7 15.Qe2 Qa4
16.Bg5 Rfe8 17.Qd2 f6 18.Bh6 Rad8 19.Bxg7 Kxg7 20.e5 f5 21.Qg5 Qd7 22.Qf6+ Kg8
23.h4 Qe7 24.Ng5 cxd4 25.Rxd4 Rxd4 26.cxd4 Nc7 27.h5 gxh5 28.Qh6 Nd5 29.Rb3 Nf4
30.Nxh7 Ne2+ 31.Kf1 Qxh7 32.Qg5+ Kh8 33.Rh3 Nf4 34.Qxf4 Rg8 35.Qh4 Rg6 36.Qd8+ Kg7
37.d5 Qh6 38.Qc7+ Kg8 39.dxe6 Rxe6 40.Qc8+ Kf7 41.Qd7+ Kf8 42.Rc3 Qg6 43.Rc8+ Re8
44.Rc6  1-0

[Event "Peristeri"]
[Site "Peristeri"]
[Date "1994.??.??"]
[Round "6"]
[White "Atalik, Suat"]
[Black "Chabanon, Jean Luc"]
[Result "1-0"]
[WhiteElo "2535"]
[BlackElo "2475"]

1.d4 Nf6 2.c4 g6 3.Nc3 d5 4.cxd5 Nxd5 5.e4 Nxc3 6.bxc3 Bg7 7.Bb5+ c6 8.Ba4 b5
9.Bb3 O-O 10.Ne2 a5 11.a3 Nd7 12.Bg5 h6 13.Bh4 Qc7 14.O-O c5 15.Bxe7 Re8
16.d5 Qe5 17.d6 Bf6 18.f4 Qxe4 19.Bd5 Qe3+ 20.Kh1 Rxe7 21.dxe7 Ra6 22.Re1 Bh4  1-0

[Event "World op"]
[Site "Philadelphia"]
[Date "1994.??.??"]
[Round "?"]
[White "Yakovich, Yuri"]
[Black "Gurevich, Ilya"]
[Result "1-0"]
[WhiteElo "2520"]
[BlackElo "2585"]

1.d4 Nf6 2.c4 g6 3.Nc3 d5 4.cxd5 Nxd5 5.e4 Nxc3 6.bxc3 Bg7 7.Bb5+ c6 8.Ba4 Be6
9.Ne2 Bc4 10.Bb3 Bxb3 11.axb3 O-O 12.O-O Nd7 13.Bg5 c5 14.d5 b5 15.Ra6 Nb6
16.Qc2 Qd7 17.c4 e6 18.Be3 Rfc8 19.Qa2 exd5 20.exd5 Qb7 21.Rc1 Nd7 22.Nc3 Ne5
23.Nxb5 Nd3 24.Rd1 Nb4 25.Rxa7 Qxd5 26.Rxd5 Nxa2 27.Rxc5 Rd8 28.Rxa8 Rxa8
29.g3 Bf8 30.Rc7 Nc1 31.Nd4 Nd3 32.Kg2 h5 33.Kf3 Bd6 34.Rb7 Ra2 35.Nb5 Bc5
36.Nc3 Rc2 37.Bxc5 Nxc5 38.Rb8+ Kg7 39.Ne2 Nd3 40.Ke3 Ne1 41.Nf4 Kf6 42.h4 Ke7
43.Rb7+ Ke8 44.Rb5 Ke7 45.c5 Kf6 46.b4 Rb2 47.c6 Ke7 48.Rb7+ Kd6 49.b5 Rb3+
50.Ke2  1-0

[Event "POL-ch (Women)"]
[Site "?"]
[Date "1994.??.??"]
[Round "2"]
[White "Bobrowska, Monika"]
[Black "Krynicka, Jolanta"]
[Result "0-1"]
[WhiteElo "2165"]
[BlackElo "2150"]

1.d4 Nf6 2.c4 g6 3.Nc3 d5 4.cxd5 Nxd5 5.e4 Nxc3 6.bxc3 Bg7 7.Qa4+ Nd7 8.Nf3 O-O
9.Be3 c5 10.Rc1 Qc7 11.Bd3 a6 12.Qa3 c4 13.Bb1 e6 14.Qb2 Qa5 15.h4 h5 16.Qe2 b5
17.Ng5 e5 18.d5 Qc7 19.g4 Nf6 20.gxh5 Nxh5 21.Qd2 Qd6 22.Bc2 Nf4 23.Bxf4 exf4
24.Bd1 Qe5 25.f3 f6 26.Nh3 Bh6 27.Qg2 Kf7 28.Nf2 f5 29.Rc2 fxe4 30.fxe4 Kg7
31.Bf3 a5 32.Ng4 Bxg4 33.Qxg4 b4 34.Qd7+ Rf7 35.Qb5 bxc3 36.Qxc4 Rc7 37.Qa4 Kf6
38.Ke2 Bf8 39.Rg1 Bb4 40.Kd3 Qd6 41.e5+ Qxe5 42.Be4 Rg8 43.a3 Rc4 44.Re2 Rd4+  0-1

[Event "POL-ch (Women)"]
[Site "?"]
[Date "1994.??.??"]
[Round "13"]
[White "Lewandowska, Katarzyna"]
[Black "Krynicka, Jolanta"]
[Result "1/2-1/2"]
[WhiteElo "2130"]
[BlackElo "2150"]

1.d4 Nf6 2.c4 g6 3.Nc3 d5 4.cxd5 Nxd5 5.e4 Nxc3 6.bxc3 Bg7 7.Qa4+ Nd7 8.Be3 O-O
9.Rc1 c5 10.Nf3 Nf6 11.Bd3 Bd7 12.Qa3 b6 13.O-O Bc6 14.d5 Bb7 15.c4 e6 16.Bg5 Qc8
17.Rce1 Ng4 18.Bf4 exd5 19.exd5 a6 20.Re7 Ra7 21.Rfe1 Nf6 22.Rc7 Qa8 23.Qc1 Re8
24.Ng5 Bc8 25.Rxe8+ Nxe8 26.Rxa7 Qxa7 27.Qe3 Qd7 28.Nf3 Nf6 29.h3 Qe8 30.Ne5 Nd7
31.Nxd7 Bxd7 32.Bc7 Qxe3 33.fxe3 b5 34.e4 Bd4+ 35.Kf1 f6 36.Ke2 Kf7 37.Kf3 Ke7
38.h4 h6 39.g4 g5 40.hxg5 hxg5 41.Be2 Be8 42.Bb6 Kd6 43.Bd8 Bc3 44.Ke3 Bd7
45.Kf3 bxc4 46.Bxc4 a5 47.Bb6 a4 48.Ba7 Ba5 49.Bb8+ Bc7 50.Bxc7+ Kxc7 51.a3 Kd6
52.Be2 Ke5 53.Ke3 c4 54.Bxc4 Bxg4 55.Bb5 Bd1 56.Bd7 Kd6 57.Bf5 Ke5 58.Bd7 Bc2
59.Bf5 Bb3 60.Bg4 Bc4 61.Bd1 Bb5 62.Bg4 Be8 63.Bf5 Kd6 64.Bg4 Ke5  1/2-1/2

[Event "POL-ch"]
[Site "?"]
[Date "1994.??.??"]
[Round "6"]
[White "Czerwonski, Aleksander"]
[Black "Urban, Klaudiusz"]
[Result "1/2-1/2"]
[WhiteElo "2395"]
[BlackElo "2175"]

1.c4 Nf6 2.d4 g6 3.Nc3 d5 4.cxd5 Nxd5 5.e4 Nxc3 6.bxc3 Bg7 7.Bb5+ c6 8.Ba4 O-O
9.Ne2 Nd7 10.O-O b5 11.Bb3 c5 12.Be3 cxd4 13.Nxd4 Bb7 14.f3 Ne5 15.Nxb5 Qa5
16.Qe2 Rfd8 17.Rfd1 Rxd1+ 18.Rxd1 a6 19.Nd4 Qxc3 20.Rc1 Qd3 21.Rc7 Qxe2 22.Nxe2 Bc6
23.f4 Ng4 24.Rxc6 Nxe3 25.h3 a5 26.Kf2 a4 27.Bxf7+ Kxf7 28.Kxe3 Bb2 29.e5 a3
30.Nc3 Rd8 31.g4 Bc1+ 32.Ke4 Rd2 33.e6+ Kg7 34.g5 Bb2 35.Ke3 Bxc3 36.Rxc3 Rxa2
37.Kd4 Ra1 38.Kc4 Re1 39.Rxa3 Rxe6 40.Kd4 Re1 41.Ra5 Kf7  1/2-1/2

[Event "Polanica Zdroj op"]
[Site "Polanica Zdroj"]
[Date "1994.??.??"]
[Round "?"]
[White "Skalik, Przemyslaw"]
[Black "Michalski, Olaf"]
[Result "1-0"]
[WhiteElo "2365"]
[BlackElo "2205"]

1.d4 Nf6 2.c4 g6 3.Nc3 d5 4.cxd5 Nxd5 5.e4 Nxc3 6.bxc3 Bg7 7.Be3 c5 8.Qd2 O-O
9.Nf3 cxd4 10.cxd4 Bg4 11.Ng5 Nc6 12.h3 Nxd4 13.hxg4 Rc8 14.Rc1 Rxc1+ 15.Qxc1 Qa5+
16.Bd2 Qxa2 17.Bd3 Rd8 18.Qb1 Qa3 19.Rh3 e6 20.Qxb7 Qa1+ 21.Bb1 Nc2+ 22.Kd1 Rxd2+
23.Kxd2 Qd4+ 24.Ke2 Qc4+ 25.Rd3 Nd4+ 26.Kd1 e5 27.Qb2 Bf8 28.Nf3  1-0

[Event "POR-chT"]
[Site "?"]
[Date "1994.??.??"]
[Round "?"]
[White "Luyks, Marinus"]
[Black "Santos, Antonio P"]
[Result "0-1"]
[WhiteElo "2140"]
[BlackElo "2260"]

1.d4 Nf6 2.c4 g6 3.Nc3 d5 4.cxd5 Nxd5 5.e4 Nxc3 6.bxc3 Bg7 7.Nf3 O-O 8.Be2 c5
9.Rb1 Qc7 10.O-O Nd7 11.Bg5 Re8 12.Qd3 b6 13.Rbd1 Bb7 14.d5 Ne5 15.Nxe5 Qxe5
16.f4 Qxc3 17.Qxc3 Bxc3 18.Bb5 f6 19.Bxe8 Rxe8 20.Bh4 Ba6 21.Rf3 Be2 22.Rxc3 Bxd1
23.e5 Kf7 24.Be1 Rd8 25.Rd3 Be2 26.Rd2 Bc4 27.d6 exd6 28.exf6 Rd7 29.Bh4 Be6
30.h3 d5 31.g4 d4 32.Bf2 Kxf6  0-1

[Event "CRO-ch"]
[Site "Porec"]
[Date "1994.??.??"]
[Round "?"]
[White "Markotic, Gordan"]
[Black "Milosavljevic, Pavle"]
[Result "1-0"]
[WhiteElo "2345"]
[BlackElo "2195"]

1.d4 Nf6 2.c4 g6 3.Nc3 d5 4.cxd5 Nxd5 5.e4 Nxc3 6.bxc3 Bg7 7.Nf3 c5 8.Rb1 O-O
9.Be2 b6 10.O-O Bb7 11.Qd3 cxd4 12.cxd4 Ba6 13.Qe3 Qd7 14.Bxa6 Nxa6 15.Bb2 Rac8
16.d5 Bxb2 17.Rxb2 Nc5 18.Rd2 f5 19.e5 f4 20.Qd4 Qf5 21.d6 e6 22.Re1 g5 23.Qc4 Kh8
24.Nd4 Qf7 25.Qe2 Rg8 26.Nb3 Nxb3 27.axb3 g4 28.d7 Rcd8 29.Red1 f3 30.Qe4 fxg2
31.Rd6 Qh5 32.R1d3 Rg7 33.Qf4 Rf7 34.Qe4 Qg5 35.Kxg2 Qh4 36.Rg3 Rdf8 37.Rd2 h5
38.Qg6 Rg7 39.Qh6+ Kg8 40.Qxe6+ Kh7 41.Qd6 Rd8 42.e6 Qf6 43.Re3 Re7 44.Qc7 Rxe6
45.Qxd8  1-0

[Event "Portoroz op"]
[Site "Portoroz"]
[Date "1994.??.??"]
[Round "?"]
[White "Slak, Marjan"]
[Black "Sale, Srdjan"]
[Result "0-1"]
[WhiteElo "2225"]
[BlackElo "2445"]

1.d4 Nf6 2.c4 g6 3.Nc3 d5 4.cxd5 Nxd5 5.e4 Nxc3 6.bxc3 Bg7 7.Bc4 c5 8.Ne2 cxd4
9.cxd4 Nc6 10.Be3 Qa5+ 11.Kf1 O-O 12.h4 Bg4 13.f3 Bd7 14.h5 Rac8 15.hxg6 hxg6
16.Rc1 Rfd8 17.Bd2 Qb6 18.Qe1 Nxd4 19.Ba5 Qb2 20.Bxd8 Nxe2 21.Bxf7+ Kxf7
22.Rxc8 Bb5 23.Qf2 Qa1+ 24.Qe1 Nf4+ 25.Kf2 Nd3+  0-1

[Event "CZE Tschechien-ch"]
[Site "Prague"]
[Date "1994.??.??"]
[Round "9"]
[White "Hajek, J."]
[Black "Pallova, Martina"]
[Result "1-0"]
[WhiteElo "2135"]
[BlackElo "2045"]

1.d4 Nf6 2.c4 g6 3.Nc3 d5 4.cxd5 Nxd5 5.e4 Nxc3 6.bxc3 Bg7 7.Bc4 c5 8.Ne2 Nc6
9.Be3 cxd4 10.cxd4 Qa5+ 11.Kf1 O-O 12.Rc1 Bd7 13.h4 h5 14.Nf4 Kh7 15.e5 Nb4
16.Nxh5 gxh5 17.Qxh5+ Kg8 18.Bh6 Bxh6 19.Qxh6 Qb6 20.e6 Bxe6 21.Qg5+ Kh7
22.Qh5+ Kg7 23.Bxe6 Qxe6 24.Rh3 Rg8 25.Rg3+ Kf6 26.Qh6+ Kf5 27.Rg5+ Rxg5
28.Qxg5+ Ke4 29.Re1+ Kxd4 30.Rxe6 fxe6 31.Qb5 Nd5 32.Qxb7 Nb6 33.Qxe7 e5
34.h5  1-0

[Event "ROM-chT"]
[Site "ROM"]
[Date "1994.??.??"]
[Round "?"]
[White "Varlan, Herwig Ioan"]
[Black "Tomescu, Vlad"]
[Result "0-1"]
[WhiteElo "2240"]
[BlackElo "2340"]

1.d4 Nf6 2.c4 g6 3.Nc3 d5 4.cxd5 Nxd5 5.e4 Nxc3 6.bxc3 Bg7 7.Bb5+ c6 8.Ba4 O-O
9.Ne2 Nd7 10.O-O e5 11.Be3 Qe7 12.d5 cxd5 13.exd5 Qd6 14.c4 Nc5 15.Rc1 Rd8
16.Nc3 Nxa4 17.Qxa4 b6 18.Rfd1 Bd7 19.Qb3 f5 20.f3 Bf8 21.Nb5 Qf6 22.a4 Rdc8
23.d6 Rc6 24.a5 Kg7 25.Nc7 Rd8 26.Nd5 Qxd6 27.Nxb6 Qb8 28.Qb5 axb6 29.Rxd7+ Rxd7
30.Qxc6 Qd8 31.Qxb6 Rd1+ 32.Rxd1 Qxd1+ 33.Kf2 Qc2+  0-1

[Event "ROM-chT"]
[Site "ROM"]
[Date "1994.??.??"]
[Round "?"]
[White "Ionescu, Constantin"]
[Black "Ionescu, Doru Alexandru"]
[Result "1/2-1/2"]
[WhiteElo "2440"]
[BlackElo "2310"]

1.d4 Nf6 2.c4 g6 3.Nc3 d5 4.cxd5 Nxd5 5.e4 Nxc3 6.bxc3 Bg7 7.Bb5+ c6 8.Ba4 O-O
9.Ne2 e5 10.O-O Qe7 11.Qc2 Nd7 12.Bb3 Re8 13.f3 b5 14.a4 exd4 15.cxd4 c5
16.Bd5 Rb8 17.axb5 cxd4 18.Rxa7 Rxb5 19.Nf4 Be5 20.Nd3 Bb8 21.Ra2 Bb7 22.Bxb7 Rxb7  1/2-1/2

[Event "ROM-chT"]
[Site "ROM"]
[Date "1994.??.??"]
[Round "?"]
[White "Marin, Mihail"]
[Black "Erdeus, Gheorghe"]
[Result "1-0"]
[WhiteElo "2530"]
[BlackElo "2325"]

1.d4 Nf6 2.c4 g6 3.Nc3 d5 4.cxd5 Nxd5 5.e4 Nxc3 6.bxc3 Bg7 7.Bc4 O-O 8.Ne2 c5
9.Be3 Qc7 10.Rc1 Rd8 11.O-O Nc6 12.Bf4 e5 13.Bg5 Re8 14.d5 Na5 15.Bd3 c4
16.Bc2 Bd7 17.Qd2 b6 18.Be3 Nb7 19.f4 exf4 20.Bxf4 Be5 21.Nd4 f6 22.Rf2 Bxf4
23.Rxf4 Kg7 24.Rcf1 Rf8 25.Rh4 h5 26.g4 Nc5 27.g5 fxg5 28.Qxg5 Rxf1+ 29.Kxf1  1-0

[Event "ROM-chT"]
[Site "ROM"]
[Date "1994.??.??"]
[Round "?"]
[White "Marin, Mihail"]
[Black "Barbu, Nicolae"]
[Result "1-0"]
[WhiteElo "2530"]
[BlackElo "2350"]

1.d4 Nf6 2.c4 g6 3.Nc3 d5 4.cxd5 Nxd5 5.e4 Nxc3 6.bxc3 Bg7 7.Bc4 O-O 8.Ne2 Nc6
9.Be3 Na5 10.Bd3 c5 11.Rc1 e5 12.dxe5 c4 13.Bc2 Qxd1+ 14.Rxd1 Bxe5 15.f4 Bc7
16.Nd4 a6 17.Kf2 Re8 18.e5 Bd7 19.Nf3 Bc6 20.Ng5 Rab8 21.h4 Red8 22.h5 Rxd1
23.Bxd1 h6 24.hxg6 hxg5 25.gxf7+ Kxf7 26.Rh7+ Ke6 27.Rxc7 gxf4 28.Bxf4 Rg8
29.g3 Bd7 30.Bf3 Nc6 31.Rxb7 Nxe5 32.Bxe5 Bc8 33.Rg7  1-0

[Event "Sarospatak op"]
[Site "Sarospatak"]
[Date "1994.??.??"]
[Round "?"]
[White "Kovacs, Istvan"]
[Black "Bekesi, Istvan"]
[Result "0-1"]
[WhiteElo "2240"]
[BlackElo "2070"]

1.d4 Nf6 2.c4 g6 3.Nc3 d5 4.cxd5 Nxd5 5.e4 Nxc3 6.bxc3 Bg7 7.Rb1 O-O 8.Be3 c5
9.Be2 Nc6 10.Nf3 Qc7 11.O-O Bg4 12.d5 Bxf3 13.gxf3 Na5 14.c4 Be5 15.Qd2 Bxh2+
16.Kg2 Be5 17.Rh1 f5 18.f4 Bd4 19.e5 Bxe3 20.Qxe3 h6 21.Rxh6 Rf7 22.Rbh1 Rg7
23.Qh3 e6 24.Qf3 Re8 25.Rd1 g5 26.Qh5 gxf4+ 27.Kh1 Qc8 28.dxe6 Nc6 29.Bf3 Nxe5
30.Bd5 Ree7 31.Qxf5 Ng4 32.Qxf4 Nxh6 33.Qxh6 Qf8 34.f4 Rh7  0-1

[Event "Schwaebisch Gmuend op"]
[Site "Schwaebisch Gmuend"]
[Date "1994.??.??"]
[Round "4"]
[White "Steinmacher, Josef"]
[Black "Pribyl, Josef"]
[Result "0-1"]
[WhiteElo "2030"]
[BlackElo "2395"]

1.d4 Nf6 2.c4 g6 3.Nc3 d5 4.cxd5 Nxd5 5.e4 Nxc3 6.bxc3 Bg7 7.Rb1 c5 8.Nf3 O-O
9.Be2 Nc6 10.d5 Ne5 11.Nxe5 Bxe5 12.Qd2 e6 13.c4 Re8 14.O-O exd5 15.exd5 Qd6
16.g3 Bh3 17.Rd1 Re7 18.Rb3 Rae8 19.Qh6 Bd4 20.Bf1 Bg4 21.Bf4 Qa6 22.Rxd4 cxd4
23.Qg5 Bc8 24.Bd3 Bh3  0-1

[Event "Sevilla op"]
[Site "Sevilla"]
[Date "1994.??.??"]
[Round "5"]
[White "Castillo Gallego, Sergio"]
[Black "Sion Castro, Marcelino"]
[Result "0-1"]
[WhiteElo "2180"]
[BlackElo "2380"]

1.d4 Nf6 2.c4 g6 3.Nc3 d5 4.cxd5 Nxd5 5.e4 Nxc3 6.bxc3 Bg7 7.Nf3 c5 8.Rb1 O-O
9.Be2 Nc6 10.d5 Ne5 11.Nxe5 Bxe5 12.Qd2 b6 13.f4 Bg7 14.O-O e6 15.d6 e5 16.f5 Bb7
17.Bf3 gxf5 18.exf5 e4 19.Be2 Be5 20.Qh6 Qf6 21.Qh5 Qxd6 22.Bh6 Kh8 23.Rbd1 Qf6
24.Bc4 Bxc3 25.Rd7 Bc6 26.Bg5 Bxd7 27.Bxf6+ Bxf6 28.Qh6 Bd4+ 29.Kh1 f6 30.Bd5 Rad8
31.Bxe4 Rfe8 32.Qh4 Ba4 33.Bf3 c4 34.Re1 c3 35.Rxe8+ Rxe8 36.Bh5 c2  0-1

[Event "SLO-chT"]
[Site "?"]
[Date "1994.??.??"]
[Round "?"]
[White "Krmelj, Natasa"]
[Black "Licina, Anita"]
[Result "1-0"]
[WhiteElo "2035"]
[BlackElo "2195"]

1.d4 Nf6 2.c4 g6 3.Nc3 d5 4.cxd5 Nxd5 5.e4 Nxc3 6.bxc3 Bg7 7.Bb5+ Nc6 8.Bxc6+ bxc6
9.Ne2 O-O 10.O-O Ba6 11.Ba3 Re8 12.f4 Bc4 13.Rf2 Qc8 14.Ng3 Qa6 15.Bb4 Rad8
16.e5 Bd5 17.Qe1 f5 18.Nf1 e6 19.Nd2 Rb8 20.Nb3 Kf7 21.Nc5 Qc8 22.Rb1 Bf8
23.Rfb2 Be7 24.Qe2 Bxc5 25.Bxc5 Be4 26.Rxb8  1-0

[Event "SLO-sf"]
[Site "?"]
[Date "1994.??.??"]
[Round "?"]
[White "Marusic, Nada"]
[Black "Ivacic, Vladimir"]
[Result "0-1"]
[WhiteElo "2025"]
[BlackElo "2305"]

1.d4 Nf6 2.c4 g6 3.Nc3 d5 4.cxd5 Nxd5 5.e4 Nxc3 6.bxc3 Bg7 7.Bc4 c5 8.Ne2 O-O
9.O-O Nc6 10.Be3 Qc7 11.f4 cxd4 12.cxd4 Nxd4 13.Bxf7+ Rxf7 14.Nxd4 Qc3 15.Re1 e5
16.Nb5 Qc6 17.Nxa7 Qxe4 18.Bc5 Qf5 19.Qd8+ Bf8 20.fxe5 Kg7 21.Bd4 Qe6 22.Rf1 Rxf1+
23.Rxf1 Be7 24.Qc7 Bd7 25.Qxb7 Rd8 26.Qe4 Be8 27.Rb1 Qc4 28.Rb7 Rxd4 29.Rxe7+ Kf8
30.Qf3+ Kxe7 31.Qf6+ Kd7 32.e6+ Kc7 33.Qe7+ Kb6 34.Qxe8 Rd1+ 35.Kf2 Qf4+
36.Ke2 Rd2+  0-1

[Event "Wch U26"]
[Site "Sofia"]
[Date "1994.??.??"]
[Round "4"]
[White "Tomasevic, Tanja"]
[Black "Ilieva, Hristina"]
[Result "1/2-1/2"]
[WhiteElo "2200"]
[BlackElo "2145"]

1.d4 Nf6 2.c4 g6 3.Nc3 d5 4.cxd5 Nxd5 5.e4 Nxc3 6.bxc3 Bg7 7.Bb5+ c6 8.Ba4 b5
9.Bb3 b4 10.Bb2 bxc3 11.Bxc3 O-O 12.Ne2 Ba6 13.e5 Qc8 14.O-O Nd7 15.Re1 Nb6
16.Bb4 Qb7 17.Bc5 Rfd8 18.Ng3 Nd5 19.Qf3 Bh6 20.Ne4 Qd7 21.Ng3 Rab8 22.Re4 Bd2
23.h4 Bc8 24.Rd1 Bb4 25.h5 g5 26.e6 fxe6 27.Re5 h6 28.Ne4 Rf8 29.Qg3 Kh8
30.Nxg5 Nf4 31.Qg4 hxg5 32.Qxg5 Nh3+ 33.gxh3 Rg8 34.Qxg8+ Kxg8 35.Bxe6+ Qxe6
36.Rxe6 Bxe6 37.Rb1 Bxa2 38.Rxb4 Rxb4 39.Bxb4  1/2-1/2

[Event "Wch U26"]
[Site "Sofia"]
[Date "1994.??.??"]
[Round "9"]
[White "Stamenkovic, Zoran"]
[Black "Delchev, Aleksander"]
[Result "1-0"]
[WhiteElo "2405"]
[BlackElo "2480"]

1.d4 Nf6 2.c4 g6 3.Nc3 d5 4.cxd5 Nxd5 5.e4 Nxc3 6.bxc3 Bg7 7.Bc4 c5 8.Ne2 Nc6
9.Be3 O-O 10.O-O Bg4 11.f3 Bd7 12.Rb1 Rc8 13.Bd3 e5 14.dxc5 Qc7 15.Bc4 Na5
16.Bd5 Rfd8 17.Bg5 Re8 18.Kh1 Be6 19.Qa4 Bd7 20.Qa3 Bf8 21.f4 Bxc5 22.Qc1 Be6
23.Bxe6 Rxe6 24.f5 Ra6 25.fxg6 fxg6 26.Ng3 Nc4 27.Qd1 Rd6 28.Qb3 Ba3 29.Bh6 Rb6
30.Qd1 Rd6 31.Qf3 Rd7 32.Qg4 Kh8 33.Rf6 Be7 34.Rf7 Nd6 35.Rf3 Rdd8 36.Qe6 Bf8
37.Rxf8+ Rxf8 38.Qxe5+ Kg8 39.Bxf8 Rxf8 40.Rd1 Ne8 41.Qd4 Ng7 42.Qxa7 Ne6
43.Qe3 Qc4 44.Rd2 Rc8 45.Ne2 Nc5 46.e5 Qe4 47.Qd4 b6 48.Ng1 Rf8 49.Re2 Qf5
50.h3 g5 51.Re3 Qe6 52.Nf3 h6 53.Qd2 Ra8 54.Re2 Rf8 55.Nd4 Rf1+ 56.Kh2 Qf7
57.Qe3 Qc7 58.Nf3 Ne6 59.Rd2 Qc4 60.Rd6 Qf4+ 61.Qxf4 Nxf4 62.Kg3 Kg7 63.h4 Ne2+
64.Kg4 gxh4 65.Rxb6 Nxc3 66.Nxh4 Nd5 67.Rb7+ Kf8 68.g3 Re1 69.Kf5 Ne3+ 70.Ke6 Ng4
71.Ng6+ Kg8 72.a4 h5 73.a5 Ra1 74.Ra7 Ra3 75.Ne7+ Kh7 76.a6 Nf2 77.Nc6+ Kh6
78.Ra8 Ne4 79.a7 Nc5+ 80.Kd6 Ne4+ 81.Kc7  1-0

[Event "St Petersburg op"]
[Site "St Petersburg"]
[Date "1994.??.??"]
[Round "1"]
[White "Ioffe, A."]
[Black "Turov, Maxim"]
[Result "1/2-1/2"]
[WhiteElo "2320"]
[BlackElo "2490"]

1.d4 Nf6 2.c4 g6 3.Nc3 d5 4.cxd5 Nxd5 5.e4 Nxc3 6.bxc3 Bg7 7.Bb5+ c6 8.Ba4 b5
9.Bb3 b4 10.cxb4 Qxd4 11.Qxd4 Bxd4 12.Rb1 Ba6 13.Bb2 Bxb2 14.Rxb2 Nd7 15.Nf3 O-O
16.Rc2 Rfc8 17.Kd2 c5 18.bxc5 Rxc5 19.Rhc1 Rd8 20.Ke3 Rdc8 21.Kd4 Rxc2 22.Rxc2 Rxc2  1/2-1/2

[Event "St Petersburg op2"]
[Site "St Petersburg"]
[Date "1994.??.??"]
[Round "2"]
[White "Gavrilov, Alexei"]
[Black "Beshukov, Sergei"]
[Result "1-0"]
[WhiteElo "2425"]
[BlackElo "2495"]

1.d4 Nf6 2.c4 g6 3.Nc3 d5 4.cxd5 Nxd5 5.e4 Nxc3 6.bxc3 Bg7 7.Qa4+ Qd7 8.Qxd7+ Bxd7
9.Ba3 b6 10.Rc1 c5 11.Nf3 O-O 12.Bd3 Bg4 13.h3 Bxf3 14.gxf3 Nc6 15.dxc5 Ne5
16.Ba6 Nxf3+ 17.Ke2 Ng5 18.f3 Ne6 19.c6 Bf6 20.Rhd1 Rfd8 21.Bb4 Kf8 22.a4 Be5
23.a5 Bc7 24.axb6 axb6 25.Bc4 Nc5 26.Ra1 Rxa1 27.Rxa1 Bf4 28.Ra7 Rc8 29.Bb5 h5
30.Bxc5 bxc5 31.Kd3 g5 32.Kc4 h4 33.Rd7 Rc7 34.Rd8+ Kg7 35.Kxc5 Be3+ 36.Kd5 Kf6
37.e5+ Kg7 38.Rd7 Bb6 39.c4 Kf8 40.c5 Ba5 41.Rd8+ Kg7 42.Ra8 Be1 43.Bd3 f6
44.Bf5 Bg3 45.Rc8 e6+ 46.Bxe6 Bxe5 47.Rg8+ Kh6 48.Re8 Kg7 49.Rg8+ Kh6 50.Bf5 Re7
51.Kc4 Rc7 52.Kb5 Re7 53.Ka6 Bg3 54.Rg6+ Kh7 55.Rxf6+ Kg7 56.Rd6 Kf7 57.Kb6  1-0

[Event "St Petersburg op"]
[Site "St Petersburg"]
[Date "1994.??.??"]
[Round "2"]
[White "Begunov, K."]
[Black "Svidler, Peter"]
[Result "0-1"]
[WhiteElo "2325"]
[BlackElo "2505"]

1.d4 Nf6 2.c4 g6 3.Nc3 d5 4.cxd5 Nxd5 5.e4 Nxc3 6.bxc3 Bg7 7.Bc4 O-O 8.Ne2 c5
9.O-O Nc6 10.Be3 Bd7 11.Rb1 a6 12.Bd3 Qc7 13.Bf4 e5 14.Bg3 b5 15.Kh1 Rae8
16.Bc2 Qa7 17.d5 Na5 18.a4 f5 19.axb5 axb5 20.f3 Nc4 21.Ra1 Qb6 22.Qc1 fxe4
23.Bxe4 Bf5 24.Bxf5 gxf5 25.Qg5 Rd8 26.Rfd1 h6 27.Qe7 Ne3 28.Ra7 Qg6 29.Rda1 Rxd5
30.R1a6 Qf7 31.Qh4 Rd7 32.Rxd7 Qxd7 33.Bf2 Qd2 34.Bxe3 Qxe3 35.Ng1 Qxc3 36.Ra7 e4
37.Qe7 Qe5 38.Qd7 b4 39.f4 Qf6 40.Ne2 Rd8 41.Qa4 Qb2 42.Rd7 Rxd7 43.Qxd7 Qb1+
44.Ng1 e3 45.Qe6+ Kh7 46.Qxe3 b3  0-1

[Event "St Petersburg op2"]
[Site "St Petersburg"]
[Date "1994.??.??"]
[Round "3"]
[White "Terekhin, Anatoly"]
[Black "Genba, Vladimir"]
[Result "1/2-1/2"]
[WhiteElo "2330"]
[BlackElo "2430"]

1.d4 Nf6 2.c4 g6 3.Nc3 d5 4.cxd5 Nxd5 5.e4 Nxc3 6.bxc3 Bg7 7.Bc4 c5 8.Be3 O-O
9.Ne2 cxd4 10.cxd4 Nc6 11.O-O Bg4 12.f3 Na5 13.Bd3 Be6 14.d5 Bxa1 15.Qxa1  1/2-1/2

[Event "St Petersburg op2"]
[Site "St Petersburg"]
[Date "1994.??.??"]
[Round "3"]
[White "Shipov, Sergei"]
[Black "Neverov, Valeriy"]
[Result "1/2-1/2"]
[WhiteElo "2525"]
[BlackElo "2470"]

1.d4 Nf6 2.c4 g6 3.Nc3 d5 4.cxd5 Nxd5 5.e4 Nxc3 6.bxc3 Bg7 7.Bc4 c5 8.Ne2 Nc6
9.Be3 O-O 10.O-O Bg4 11.f3 Na5 12.Bd3 cxd4 13.cxd4 Be6 14.Rc1 Bxa2 15.Qa4 Be6
16.d5 Bd7 17.Qb4 e6 18.Nc3 exd5 19.Nxd5 Be6 20.Rfd1 Bxd5 21.exd5 Re8 22.Bf2 Bf8
23.Qa4 a6 24.d6 Bxd6 25.Be4 Re6 26.Bd5 Re2 27.Bh4 Qb6+ 28.Kh1 Qb5 29.Qxb5 axb5
30.Bxf7+ Kxf7 31.Rxd6 Nc4 32.Rd7+ Kg8 33.Rxb7 Nd6 34.Rb6 Nf5 35.Bf6 Rae8
36.g4 R2e6 37.Rxe6 Rxe6 38.Rc8+ Kf7 39.g5 Re1+ 40.Kg2 Re2+ 41.Kh3 Rf2 42.Rc7+ Kg8
43.Rc8+ Kf7 44.Rc7+ Kg8  1/2-1/2

[Event "St Petersburg op"]
[Site "St Petersburg"]
[Date "1994.??.??"]
[Round "5"]
[White "Atalik, Suat"]
[Black "Polovodin, Igor A"]
[Result "1/2-1/2"]
[WhiteElo "2530"]
[BlackElo "2440"]

1.d4 Nf6 2.c4 g6 3.Nc3 d5 4.cxd5 Nxd5 5.e4 Nxc3 6.bxc3 Bg7 7.Bb5+ Bd7 8.Be2 c5
9.Nf3 cxd4 10.cxd4 Nc6 11.O-O Bg4 12.Rb1 Bxf3 13.Bxf3 Nxd4 14.Rxb7 O-O 15.Ba3 Re8
16.e5 Bxe5 17.Rxe7 Rxe7 18.Bxe7 Nxf3+ 19.Qxf3 Qe8 20.Qd5 Bg7 21.g3 Rb8 22.Re1 Bf8  1/2-1/2

[Event "St Petersburg op"]
[Site "St Petersburg"]
[Date "1994.??.??"]
[Round "8"]
[White "Begunov, K."]
[Black "Verdihanov, Vladislav"]
[Result "0-1"]
[WhiteElo "2325"]
[BlackElo "2420"]

1.d4 Nf6 2.c4 g6 3.Nc3 d5 4.cxd5 Nxd5 5.e4 Nxc3 6.bxc3 Bg7 7.Bc4 c5 8.Ne2 Nc6
9.Be3 O-O 10.O-O Bg4 11.f3 Bd7 12.Rb1 Qc7 13.Bf4 e5 14.Bg3 Rac8 15.Bd5 b6
16.dxc5 bxc5 17.Bf2 Na5 18.c4 Rb8 19.Qd3 Rfc8 20.Rfd1 Be8 21.Qa3 Bf8 22.Nc3 a6
23.Be1 Rb4 24.Ne2 Ra4 25.Qc1 Nc6 26.a3 Rb8 27.Rxb8 Qxb8 28.Nc3 Nd4 29.Rd2 Bh6
30.Rb2 Rb4 31.Rxb4 cxb4 32.Qb2 Qa7 33.Qxb4 Nxf3+ 34.Kf1 Qg1+ 35.Ke2 Qe3+
36.Kd1 Qd3+  0-1

[Event "Rilton Cup9495"]
[Site "Stockholm"]
[Date "1994.??.??"]
[Round "6"]
[White "Cramling, Pia"]
[Black "Dzevlan, Miralem"]
[Result "1-0"]
[WhiteElo "2520"]
[BlackElo "2385"]

1.d4 Nf6 2.c4 g6 3.Nc3 d5 4.cxd5 Nxd5 5.e4 Nxc3 6.bxc3 Bg7 7.Bc4 O-O 8.Ne2 c5
9.O-O Nc6 10.Be3 Qc7 11.Rc1 Rd8 12.Bf4 Qd7 13.d5 Na5 14.Bd3 e5 15.Be3 b6
16.f4 exf4 17.Bxf4 Re8 18.Ng3 Nb7 19.Qf3 f6 20.h4 Nd6 21.h5 Nf7 22.hxg6 hxg6
23.e5 Nxe5 24.Bxe5 Rxe5 25.Bxg6 Qg4 26.Qxg4 Bxg4 27.Bf5 Be2 28.Nxe2 Rxe2
29.d6 Kf7 30.Rcd1 Bh6 31.Rf3 Rd8 32.d7 c4 33.Rd6 Rxa2 34.Bb1 Ra1 35.Rfxf6+ Ke7
36.Rfe6+ Kf7 37.Rf6+ Ke7 38.Rfe6+ Kf7 39.Re1 Be3+ 40.Kf1 Ke7 41.Rd5 Kf6 42.g4  1-0

[Event "Rilton Cup9495"]
[Site "Stockholm"]
[Date "1994.??.??"]
[Round "8"]
[White "Gleizerov, Evgeny"]
[Black "Ernst, Thomas"]
[Result "1/2-1/2"]
[WhiteElo "2545"]
[BlackElo "2465"]

1.d4 Nf6 2.c4 g6 3.Nc3 d5 4.cxd5 Nxd5 5.e4 Nxc3 6.bxc3 Bg7 7.Bb5+ c6 8.Ba4 a5
9.a3 Be6 10.Nf3 b5 11.Bb3 Bxb3 12.Qxb3 a4 13.Qc2  1/2-1/2

[Event "SVK-chT"]
[Site "?"]
[Date "1994.??.??"]
[Round "?"]
[White "Safyanovsky, Mark"]
[Black "Szitkey, Milan"]
[Result "0-1"]
[WhiteElo "2285"]
[BlackElo "2330"]

1.c4 Nf6 2.d4 g6 3.Nc3 d5 4.cxd5 Nxd5 5.e4 Nxc3 6.bxc3 Bg7 7.Be3 c5 8.Qd2 Qa5
9.Rc1 cxd4 10.cxd4 Qxd2+ 11.Kxd2 Nc6 12.Bb5 O-O 13.Nf3 Rd8 14.Bxc6 bxc6 15.Rc5 Rb8
16.Rhc1 Rb2+ 17.R1c2 Rxc2+ 18.Kxc2 Bb7 19.Kc3 e6 20.Nd2 f5 21.Ra5 f4 22.Bxf4 Bxd4+
23.Kc2 Bxf2 24.g3 Bb6 25.Ra3 c5 26.Be3 Kf7 27.Rc3 Rc8 28.Kd3 Ba6+ 29.Kc2 Bb5
30.Nc4 Bxc4 31.Rxc4 Ke7 32.Kd3 Kd6 33.Bf4+ Kc6 34.a4 Rd8+ 35.Kc2 Rd4 36.Kb3 Ba5
37.Be3 Rd3+ 38.Kc2 Rxe3  0-1